| 000 | 00559nam a22001817a 4500 | ||
|---|---|---|---|
| 008 | 220722b |||||||| |||| 00| 0 eng d | ||
| 020 | _a0415824286 | ||
| 050 |
_aPN775 _b.M34 2015 |
||
| 100 | _aMaguire, Miles | ||
| 245 |
_aAdvanced Reporting: _bEssential Skills for 21st Century Journalism/ _cMiles Maguire |
||
| 260 |
_aNew York _bRoutledge _c2015 |
||
| 300 | _axiii, 247p. | ||
| 650 |
_aJournalism _vAuthorship |
||
| 650 |
_aJournalism _vtechnological innovations |
||
| 650 | _aOnline Journalism | ||
| 650 | _aReporters and reporting | ||
| 942 |
_2lcc _cBK |
||
| 999 |
_c19406 _d19405 |
||